000007755 001__ 7755 000007755 005__ 20260521105045.0 000007755 0247_ $$a10.6083/jw827c16t$$2DOI 000007755 02470 $$aLucy Davis Phillips collection$$2Collection name 000007755 02470 $$a2004-030$$2Collection number 000007755 037__ $$aDA 000007755 041__ $$aeng 000007755 245__ $$aSurvey of Belle Cooper Ferguson 000007755 260__ $$bOregon Health & Science University$$010958$$c1936 April 10 000007755 269__ $$a1936-04-10 000007755 336__ $$aOther 000007755 520__ $$aAlumni survey of Belle Cooper Ferguson: answer to question about advice for prospective women medical students: "would say that there a wonderful field for women in medical work for work in service. The world needs competent women in this line of service." 000007755 540__ $$fCC BY-NC 000007755 542__ $$fCopyright Not Evaluated 000007755 650__ $$aEducation, Professional$$018239 000007755 650__ $$aWomen$$027986 000007755 650__ $$aPhysicians$$024116 000007755 650__ $$aWomen, Working$$027987 000007755 650__ $$aHistory of Medicine$$020255 000007755 650__ $$aPhysicians, Women$$024118 000007755 7001_ $$aPhillips, Lucy Davis$$010693 000007755 720__ $$aFerguson, Belle Cooper 000007755 791__ $$eIs described by$$tFinding aid$$whttp://archiveswest.orbiscascade.org/ark:/80444/xv33285$$2URL 000007755 8564_ $$91ecda332-e05a-4d04-836c-05aca884657a$$s6985761$$uhttps://digitalcollections.ohsu.edu/record/7755/files/img008.jpg$$ePublic$$21bc767f82f0ad0d5145279278e897a93$$31 000007755 902__ $$aLucy Davis Phillips collection, 2004-030 000007755 905__ $$a/rest/prod/jw/82/7c/16/jw827c16t 000007755 956__ $$aGet Accessible Copy$$uhttps://ohsu.libwizard.com/f/requestaccessibledocument_HCA 000007755 980__ $$aLucy Davis Phillips collection